000 00540nam a2200193Ia 4500
005 20250923145521.0
008 008 250917s9999 xx 000 0 eng d
037 _aTextual
040 _aDSWL
_beng
_cDSWL
041 _aeng
_2eng
084 _aL:46x1, N78
_qDSWL
245 0 _aNutrition and national policy
_cEd. by B.Winikoff
260 _aCambridge
_bMassachusetts MIT Press
_c1978
300 _axi,580 p.
365 _aUSD
_b22.5
925 _g22.5
942 _cTEXL
_hL:46x1, N78
999 _c1452322
_d1452322